000 00650nam a2200217Ia 4500
005 20250301095503.0
008 131103s9999 xx 000 0 und d
020 _a1956966446
_cRs 695
040 _aLoreto College
041 _aEnglish
082 _a351
_bCHA
245 4 _aThe governance discourse
_b A Reader
_cEdited by Bidyut Chakrabarty and Mohit Bhattacharya
260 _aNew Delhi
_bOxford University Press
_c2008
300 _axvi,330p
504 _aIncludes bibliographical references and index
650 _aPublic Administration
651 _aGovernance
700 _aChakrabarty, Bidyut, ed
850 _aLCLIB
942 _cBK
999 _c31454
_d81933